<?xml version="1.0" encoding="UTF-8"?>
<collection xmlns="http://www.loc.gov/MARC21/slim">
 <record>
  <leader>02210nam a2200241Ia 4500</leader>
  <controlfield tag="001">CTU_239299</controlfield>
  <controlfield tag="008">210402s9999    xx            000 0 und d</controlfield>
  <datafield tag="082" ind1=" " ind2=" ">
   <subfield code="a">333.770285</subfield>
  </datafield>
  <datafield tag="082" ind1=" " ind2=" ">
   <subfield code="b">Th550</subfield>
  </datafield>
  <datafield tag="088" ind1=" " ind2=" ">
   <subfield code="a">8480104</subfield>
  </datafield>
  <datafield tag="100" ind1=" " ind2=" ">
   <subfield code="a">Võ, Ngọc Thư</subfield>
  </datafield>
  <datafield tag="245" ind1=" " ind2="0">
   <subfield code="a">Xây dựng hệ thống công khai thông tin quy hoạch sử dụng đất trên địa bàn thành phố Sóc Trăng, tỉnh Sóc Trăng :</subfield>
  </datafield>
  <datafield tag="245" ind1=" " ind2="0">
   <subfield code="b">Luận văn Thạc sĩ Công nghệ thông tin. Chuyên ngành Hệ thống thông tin</subfield>
  </datafield>
  <datafield tag="245" ind1=" " ind2="0">
   <subfield code="c">Võ Ngọc Thư ; Nguyễn Thanh Hải (Cán bộ hướng dẫn)</subfield>
  </datafield>
  <datafield tag="260" ind1=" " ind2=" ">
   <subfield code="a">Cần Thơ</subfield>
  </datafield>
  <datafield tag="260" ind1=" " ind2=" ">
   <subfield code="b">Trường Đại học Cần Thơ</subfield>
  </datafield>
  <datafield tag="260" ind1=" " ind2=" ">
   <subfield code="c">2020</subfield>
  </datafield>
  <datafield tag="520" ind1=" " ind2=" ">
   <subfield code="a">Đề tài “Xây dựng hệ thống công khai thông tin quy hoạch sử dụng đất trên địa bàn thành phố Sóc Trăng, tỉnh Sóc Trăng” ứng dụng công nghệ GIS, hệ quản trị cơ sở dữ liệu PostgreSQL/PostGIS cùng với việc thu thập, xử lý dữ liệu không gian và thuộc tính để xây dựng trang WebGIS công khai thông tin về quy hoạch, kế hoạch sử dụng đất trên địa bàn Thành Phố Sóc Trăng, tỉnh Sóc Trăng. Kết quả thực nghiệm là hệ thống WebGIS công khai thông tin quy hoạch sử dụng đất trên địa bàn Thành Phố Sóc Trăng, tỉnh Sóc Trăng với 10 phường và tổng diện tích tự nhiên là 7600,86 ha. Hệ thống có các chức năng: hiển thị các lớp bản đồ dữ liệu về quy hoạch, địa chính, các chức năng tương tác với bản đồ, tìm kiếm dữ liệu. Bên cạnh đó còn xác định được giá đất cho từng thửa đất và thống kê danh sách quy hoạch đền bù.</subfield>
  </datafield>
  <datafield tag="650" ind1=" " ind2=" ">
   <subfield code="a">Land use,Sử dụng đất</subfield>
  </datafield>
  <datafield tag="650" ind1=" " ind2=" ">
   <subfield code="x">Data processing,Xử lý dữ liệu</subfield>
  </datafield>
  <datafield tag="904" ind1=" " ind2=" ">
   <subfield code="i">Hải</subfield>
  </datafield>
  <datafield tag="910" ind1=" " ind2=" ">
   <subfield code="c">tvtrong</subfield>
  </datafield>
  <datafield tag="980" ind1=" " ind2=" ">
   <subfield code="a">Trung tâm Học liệu Trường Đại học Cần Thơ</subfield>
  </datafield>
 </record>
</collection>
